Brain research in language

Bibliographic Details
Main Author: Breznitz, Zvia (Author)
Format: Book
Language:English
Published: New York : Springer , c2008
Series:Literary studies: perspectives from cognitive neurosciences, linguistics, psychology and education v. 1
Subjects:

MARC

LEADER 00000cam a2200000 7i4500
001 0000059613
005 20090305093000.0
008 090225s2008 nyu eng
020 |a 9780387749792 (hardcopy : alk. paper) 
020 |a 9780387749808 
090 0 0 |a QP399   |b .B724 2008 
245 0 0 |a Brain research in language   |c [edited by] Zvia Breznitz 
260 |a New York :   |b Springer ,   |c c2008 
300 |a vi, 276 p. :   |b ill. ;   |c 25 cm. 
490 0 |a Literary studies: perspectives from cognitive neurosciences, linguistics, psychology and education   |v v. 1 
505 0 |a 1. Neurobiological correlates of dyslexia -- 2. Event-related potentials (ERPs) in the study of dyslexia -- 3. Auditory P2 is reduced in 5 month old infants from dyslexia families -- 4. Electrophysiological functional imaging of auditory processing in humans -- 5. Overlapping tasks methodology as a tool for investigating language perception -- 6. A sampler of event-related brain potential (ERP) analyses of language processing -- 7. Processing the grammatical function of worlds in sentence reading -- 8. Timing the metaphoric brain -- 9. EEG correlates of hemispheric word recognition -- 10. Brain mapping of language using high frequency gamma oscillations in the electrocardiography 
650 0 |a Brain   |x Imaging 
650 0 |a Neurolinguistics 
650 0 |a Reading   |x Physiological aspects 
700 1 |a Breznitz, Zvia ,   |e author 
999 |a 1000120298   |b Book   |c OPEN SHELF (30 DAYS)   |e Gong Badak Campus